000 00741cab a22002175a 4500
001 L146962
008 090318e20090314xxk f v 000 0 eng d
035 _a(Sirsi) u146962
041 0 _aeng
100 1 _aHartley, Simon
245 0 0 _aGreen credentials
260 _c2009
490 0 _aEstates Gazette
_v(0909) 14 March 2009, 189(1)
520 _aExplains that energy efficiency is a potentially important factor when it comes to determining rent reviews. Comments on the future of rent review clauses.
590 _aKA
650 2 4 _aCOMMERCIAL ENERGY PERFORMANCE CERTIFICATES
651 4 _aEngland and Wales
_y1543-
690 _aPROPERTY-LANDLORD AND TENANT-TENANCIES-TENANCY RENT REVIEW
700 1 _aPenson, Mark
942 _n0
999 _c81342
_d81342